<?xml version="1.0" encoding="UTF-8"?><?xml-stylesheet type="text/xsl" href="static/style.xsl"?><OAI-PMH xmlns="http://www.openarchives.org/OAI/2.0/" xmlns:xsi="http://www.w3.org/2001/XMLSchema-instance" xsi:schemaLocation="http://www.openarchives.org/OAI/2.0/ http://www.openarchives.org/OAI/2.0/OAI-PMH.xsd"><responseDate>2026-06-03T22:15:11Z</responseDate><request verb="GetRecord" identifier="oai:riuma.uma.es:10630/24239" metadataPrefix="marc">https://riuma.uma.es/rest/oai/request</request><GetRecord><record><header><identifier>oai:riuma.uma.es:10630/24239</identifier><datestamp>2026-02-03T11:55:53Z</datestamp><setSpec>com_10630_2254</setSpec><setSpec>col_10630_37959</setSpec></header><metadata><record xmlns="http://www.loc.gov/MARC21/slim" xmlns:dcterms="http://purl.org/dc/terms/" xmlns:doc="http://www.lyncode.com/xoai" xmlns:xsi="http://www.w3.org/2001/XMLSchema-instance" xsi:schemaLocation="http://www.loc.gov/MARC21/slim http://www.loc.gov/standards/marcxml/schema/MARC21slim.xsd">
   <leader>00925njm 22002777a 4500</leader>
   <datafield ind2=" " ind1=" " tag="042">
      <subfield code="a">dc</subfield>
   </datafield>
   <datafield ind2=" " ind1=" " tag="720">
      <subfield code="a">Ariza-Corbo, María José</subfield>
      <subfield code="e">author</subfield>
   </datafield>
   <datafield ind2=" " ind1=" " tag="720">
      <subfield code="a">Muñiz-Grijalvo, Ovidio</subfield>
      <subfield code="e">author</subfield>
   </datafield>
   <datafield ind2=" " ind1=" " tag="720">
      <subfield code="a">Arrobas-Velilla, T.</subfield>
      <subfield code="e">author</subfield>
   </datafield>
   <datafield ind2=" " ind1=" " tag="720">
      <subfield code="a">Ortega, E.</subfield>
      <subfield code="e">author</subfield>
   </datafield>
   <datafield ind2=" " ind1=" " tag="720">
      <subfield code="a">Zambón, D.</subfield>
      <subfield code="e">author</subfield>
   </datafield>
   <datafield ind2=" " ind1=" " tag="720">
      <subfield code="a">Domenech, A.</subfield>
      <subfield code="e">author</subfield>
   </datafield>
   <datafield ind2=" " ind1=" " tag="720">
      <subfield code="a">Álvarez-Sala, L.A.</subfield>
      <subfield code="e">author</subfield>
   </datafield>
   <datafield ind2=" " ind1=" " tag="720">
      <subfield code="a">Delgado-Lista, J.</subfield>
      <subfield code="e">author</subfield>
   </datafield>
   <datafield ind2=" " ind1=" " tag="720">
      <subfield code="a">González-Estrada, A.</subfield>
      <subfield code="e">author</subfield>
   </datafield>
   <datafield ind2=" " ind1=" " tag="720">
      <subfield code="a">Rioja Villodres, José</subfield>
      <subfield code="e">author</subfield>
   </datafield>
   <datafield ind2=" " ind1=" " tag="720">
      <subfield code="a">Seidel, V.A.</subfield>
      <subfield code="e">author</subfield>
   </datafield>
   <datafield ind2=" " ind1=" " tag="720">
      <subfield code="a">Fuentes, F.J.</subfield>
      <subfield code="e">author</subfield>
   </datafield>
   <datafield ind2=" " ind1=" " tag="720">
      <subfield code="a">Camacho, Ana</subfield>
      <subfield code="e">author</subfield>
   </datafield>
   <datafield ind2=" " ind1=" " tag="720">
      <subfield code="a">Romero, M.J.</subfield>
      <subfield code="e">author</subfield>
   </datafield>
   <datafield ind2=" " ind1=" " tag="720">
      <subfield code="a">Sánchez-Chaparro, Miguel Ángel</subfield>
      <subfield code="e">author</subfield>
   </datafield>
   <datafield ind2=" " ind1=" " tag="720">
      <subfield code="a">Valdivielso-Felices, Pedro</subfield>
      <subfield code="e">author</subfield>
   </datafield>
   <datafield ind2=" " ind1=" " tag="720">
      <subfield code="a">Ariza-Corbo, María José</subfield>
      <subfield code="e">author</subfield>
   </datafield>
   <datafield ind2=" " ind1=" " tag="260">
      <subfield code="c">2022</subfield>
   </datafield>
   <datafield ind2=" " ind1=" " tag="520">
      <subfield code="a">Background and Aims&#xd;
Severe hypertriglyceridaemia (sHTG) increases the risk of cardiovascular disease and acute pancreatitis&#xd;
episodes. Patients with sHTG fit mainly into two clinical entities: Familial or Multifactorial Chylomicronemia&#xd;
Syndromes (FCS and MCS, respectively). FCS and MCS exhibit clinical differences but also separate genetic and&#xd;
biochemical characteristics that can be assessed in the laboratory. The aim of this work has been to implement&#xd;
a laboratory workflow to help diagnose sHTG patients with either FCS or MCS.&#xd;
Methods&#xd;
Patients with two fasting triglycerides >1000mg/dL determinations were sequenced with a capture probe&#xd;
panel of 24 triglycerides-related genes using massive parallel sequencing (n=200). Two-step sequential&#xd;
ultracentrifugation was performed (n= 159) to diagnose Type I hyperlipoproteinemia (HLP I) and post heparin&#xd;
lipoprotein lipase activity was measured to discard or confirm its deficiency (n=60).&#xd;
Results&#xd;
Most patients had MCS as they: (i) did not exhibit HLPI and/or (ii) their genetic profile was not compatible with&#xd;
FCS and (iii) were not deficient in LPL activity. FCS cases were identified as they had: (i) HLPI, and/or (ii) biallelic&#xd;
pathogenic variants in LPL (n=5), GPIHBP1 (n=3), or LMF1 (n=2) genes and/or (iii) LPL activity deficiency. We&#xd;
identified 4 FCS patients with HLPI, biallelic pathogenic variants in APOA5 but a rescued LPL activity. An&#xd;
additional study of Apo-AV functionality was designed to confirm the FCS diagnosis in these cases.&#xd;
Conclusions&#xd;
Laboratory studies, in patients with severe hypertriglyceridaemia, provide with information of clinical utility to&#xd;
distinguish between Familial and Multifactorial Chylomicronemia Syndromes.</subfield>
   </datafield>
   <datafield ind1="8" ind2=" " tag="024">
      <subfield code="a">https://hdl.handle.net/10630/24239</subfield>
   </datafield>
   <datafield tag="653" ind2=" " ind1=" ">
      <subfield code="a">Medicina</subfield>
   </datafield>
   <datafield ind2="0" ind1="0" tag="245">
      <subfield code="a">Laboratory diagnosis of severe hypertriglyceridaemia. Cases from the dyslipidaemia regristy of the spanish atherosclerosis society</subfield>
   </datafield>
</record>
</metadata></record></GetRecord></OAI-PMH>